[Event "Mauricie op"]
[Site "Trois Rivieres"]
[Date "2009.03.21"]
[Round "2"]
[White "Torre, Alex"]
[Black "Voloaca, Mihnea"]
[Result "0-1"]
[WhiteElo "2221"]
[BlackElo "2346"]
[PlyCount "58"]
[EventDate "2009.03.20"]
[EventType "swiss"]
[EventRounds "5"]
[EventCountry "CAN"]
[SourceTitle "EXT 2011"]
[Source "ChessBase"]
[SourceDate "2010.11.26"]
[SourceVersion "1"]
[SourceVersionDate "2010.11.26"]
[SourceQuality "1"]

1. e4 e5 2. Nf3 Nc6 3. Bb5 a6 4. Ba4 Nf6 5. 0-0 Be7 6. Re1 b5 7. Bb3 d6 8. c3 0-0 9. h3 Nb8 10. d4 Nbd7 11. Nbd2 Bb7 12. Bc2 Re8 13. Nf1 Bf8 14. Ng3 g6 15. a4 Bg7 16. Bd2 c5 17. d5 c4 18. Be3 Qc7 19. Qd2 Nc5 20. Nh4 bxa4 21. Bxa4 Nxd5 22. exd5 Ne4 23. Qc2 Nc5 24. Bxe8 Rxe8 25. Red1 Nd3 26. Rxd3 cxd3 27. Qxd3 e4 28. Qe2 Re5 29. Rd1 Qc8 0-1